000 00469nam a2200181Ia 4500
008 131103s9999 xx 000 0 und d
020 _a0 671 73763 5
040 _aLoreto College
041 _aEnglish
082 _aF/MCN
_bLCBED/12746
100 _aMcnaught, Judith
245 _aSomething wonderful
_cJudith Mcnaught
260 _aNew York
_bpocket Books
_c1988
300 _a418p.
_c 18cm.
650 _aEnglish fiction
850 _aLCBED/F/MCN
942 _cBK
999 _c32799
_d83278